[Event "Ruhrgebiet Verbandsliga Gruppe 2 1819"]
[Site "Nordrheinwestfalen"]
[Date "2018.11.04"]
[Round "3.8"]
[White "Wegner, Stephan"]
[Black "Uebing, Burkhart"]
[Result "0-1"]
[WhiteElo "1700"]
[BlackElo "1670"]
[PlyCount "100"]
[EventDate "2018.09.23"]
[EventType "team-tourn"]
[EventRounds "9"]
[EventCountry "GER"]
[SourceTitle "EXT 2022"]
[Source "ChessBase"]
[SourceDate "2021.10.06"]
[SourceVersion "1"]
[SourceVersionDate "2021.10.06"]
[SourceQuality "1"]
[WhiteTeam "Boenen SV"]
[BlackTeam "Buer SF"]
[WhiteTeamCountry "GER"]
[BlackTeamCountry "GER"]

1. e4 c5 2. Nc3 Nc6 3. f4 d6 4. Nf3 g6 5. Bb5 Bg7 6. d3 Bd7 7. 0-0 e6 8. Bxc6 bxc6 9. e5 Qc7 10. exd6 Qxd6 11. Ne4 Bd4+ 12. Kh1 Qe7 13. c3 f5 14. cxd4 fxe4 15. dxe4 cxd4 16. Qxd4 Nf6 17. f5 c5 18. Qc3 0-0 19. Bg5 Qg7 20. Qc4 gxf5 21. exf5 Nd5 22. fxe6 Bxe6 23. Rae1 Bf7 24. Qxc5 Rfc8 25. Qf2 Bg6 26. Rc1 h6 27. Be3 Nxe3 28. Qxe3 Re8 29. Qd4 Rad8 30. Qxg7+ Kxg7 31. Rfe1 Rxe1+ 32. Rxe1 Kf6 33. Kg1 Rc8 34. Kf2 Bd3 35. Rd1 Be4 36. Rd2 Kf5 37. Nd4+ Ke5 38. Nb5 a6 39. Nd6 Rf8+ 40. Ke3 Bd5 41. Rxd5+ Kxd5 42. Nb7 Rb8 43. Na5 Rxb2 44. Kf3 Rxa2 45. Nb7 Rb2 46. Nd8 Rb6 47. Kg4 a5 48. Kh5 a4 49. Nf7 a3 50. Nxh6 a2 0-1

[Event "Ruhrgebiet Bezirksliga 17/18"]
[Site "Ruhrgebiet"]
[Date "2018.02.18"]
[Round "7.1"]
[White "Wegner, Stephan"]
[Black "Burosch, Raimund"]
[Result "1-0"]
[WhiteElo "1790"]
[BlackElo "1419"]
[PlyCount "53"]
[EventDate "2017.09.03"]
[EventType "team-tourn"]
[EventRounds "9"]
[EventCountry "GER"]
[SourceTitle "EXT 2022"]
[Source "ChessBase"]
[SourceDate "2021.10.06"]
[SourceVersion "1"]
[SourceVersionDate "2021.10.06"]
[SourceQuality "1"]
[WhiteTeam "Boenen SV II"]
[BlackTeam "Unna SV II"]
[WhiteTeamCountry "GER"]
[BlackTeamCountry "GER"]

1. e4 c5 2. Nc3 Nc6 3. f4 g6 4. Nf3 Bg7 5. Bb5 Nd4 6. Bd3 Nxf3+ 7. Qxf3 d6 8. 0-0 Nf6 9. h3 0-0 10. b3 Rb8 11. Bb2 Nd7 12. Rae1 b5 13. Ba1 a6 14. Nd5 e5 15. f5 Bb7 16. Ne3 Nf6 17. Bb2 Nh5 18. Nd5 Bxd5 19. g4 Bxe4 20. Bxe4 Nf4 21. d4 Qh4 22. Kh2 cxd4 23. Bc1 Bh6 24. Bxf4 Bxf4+ 25. Kg2 Rbc8 26. Qf2 Rc3 27. Qxh4 1-0

[Event "Ruhrgebiet Verbandsliga Gruppe 1 1718"]
[Site "Germany"]
[Date "2017.12.03"]
[Round "4.8"]
[White "Dette, Tim"]
[Black "Wegner, Stephan"]
[Result "1/2-1/2"]
[WhiteElo "1816"]
[BlackElo "1790"]
[PlyCount "83"]
[EventDate "2017.09.17"]
[EventType "team-tourn"]
[EventRounds "9"]
[EventCountry "GER"]
[SourceTitle "EXT 2022"]
[Source "ChessBase"]
[SourceDate "2021.10.06"]
[SourceVersion "1"]
[SourceVersionDate "2021.10.06"]
[SourceQuality "1"]
[WhiteTeam "Essen Katernberg III"]
[BlackTeam "Boenen SV"]
[WhiteTeamCountry "GER"]
[BlackTeamCountry "GER"]

1. e4 e6 2. d4 d5 3. exd5 exd5 4. Nf3 Bd6 5. Bd3 Nc6 6. 0-0 Nge7 7. Re1 Bg4 8. c3 f6 9. h3 Bh5 10. Na3 Qd7 11. Nb5 0-0-0 12. Nxd6+ Qxd6 13. b4 g5 14. Qe2 Rde8 15. Qe6+ Qxe6 16. Rxe6 Ng8 17. Bf5 Kd8 18. Ba3 Bf7 19. Rxe8+ Kxe8 20. Re1+ Kd8 21. Nd2 Nce7 22. Bd3 Bg6 23. Bxg6 Nxg6 24. Nb3 b6 25. b5 Kd7 26. Bb4 N8e7 27. a4 Nf5 28. Kf1 Nf4 29. Ba3 Nd6 30. Nd2 Re8 31. Rxe8 Nxe8 32. g3 Ng6 33. Ke2 h5 34. Kd3 Nd6 35. Bxd6 Kxd6 36. c4 f5 37. Nf3 g4 38. hxg4 fxg4 39. Ng5 h4 40. gxh4 Nxh4 41. cxd5 Kxd5 42. Ne4 1/2-1/2

[Event "Ruhrgebiet Bezirksliga 17/18"]
[Site "Ruhrgebiet"]
[Date "2017.09.17"]
[Round "2.1"]
[White "Grube, Frank"]
[Black "Wegner, Stephan"]
[Result "1-0"]
[WhiteElo "1844"]
[BlackElo "1790"]
[PlyCount "71"]
[EventDate "2017.09.03"]
[EventType "team-tourn"]
[EventRounds "9"]
[EventCountry "GER"]
[SourceTitle "EXT 2022"]
[Source "ChessBase"]
[SourceDate "2021.10.06"]
[SourceVersion "1"]
[SourceVersionDate "2021.10.06"]
[SourceQuality "1"]
[WhiteTeam "Unna SV"]
[BlackTeam "Boenen SV II"]
[WhiteTeamCountry "GER"]
[BlackTeamCountry "GER"]

1. Nf3 Nf6 2. c4 g6 3. d4 Bg7 4. Nc3 0-0 5. Bf4 d6 6. e3 c5 7. h3 cxd4 8. exd4 Qa5 9. Be2 Ne4 10. Qb3 Nc6 11. 0-0 Nxc3 12. bxc3 e5 13. Be3 Rb8 14. a4 Qc7 15. Rad1 b6 16. Qa3 Ba6 17. Rfe1 Rfd8 18. c5 Bxe2 19. cxd6 Qxd6 20. Qxd6 Rxd6 21. Rxe2 exd4 22. Bf4 d3 23. Red2 Rbd8 24. Bxd6 Rxd6 25. Rxd3 Rxd3 26. Rxd3 h6 27. Rd6 Ne5 28. Rd8+ Kh7 29. Nxe5 Bxe5 30. c4 a5 31. Kf1 Kg7 32. Ke2 Kf6 33. Ke3 g5 34. Ke4 h5 35. Rd7 Ke6 36. Rxf7 1-0

[Event "Ruhrgebiet Bezirksliga 16/17"]
[Site "Ruhrgebiet"]
[Date "2017.04.23"]
[Round "11.4"]
[White "Leifeld, Jochen"]
[Black "Wegner, Stephan"]
[Result "0-1"]
[WhiteElo "1798"]
[BlackElo "1727"]
[PlyCount "28"]
[EventDate "2016.08.28"]
[EventType "team-tourn"]
[EventRounds "11"]
[EventCountry "GER"]
[SourceTitle "EXT 2022"]
[Source "ChessBase"]
[SourceDate "2021.10.06"]
[SourceVersion "1"]
[SourceVersionDate "2021.10.06"]
[SourceQuality "1"]
[WhiteTeam "Ahlen SV II"]
[BlackTeam "Boenen SV II"]
[WhiteTeamCountry "GER"]
[BlackTeamCountry "GER"]

1. e4 e6 2. d4 d5 3. exd5 exd5 4. c4 c6 5. Nc3 Nf6 6. Nf3 Be7 7. h3 0-0 8. Be3 Nbd7 9. Bd3 dxc4 10. Bxc4 Nb6 11. Bd3 Nbd5 12. 0-0 Qd6 13. Re1 Be6 14. Qb3 Nxe3 0-1

[Event "Ruhrgebiet Bezirksliga 15/16"]
[Site "Ruhrgebiet"]
[Date "2015.10.25"]
[Round "3.5"]
[White "Wegner, Stephan"]
[Black "Schulte, Jan"]
[Result "1-0"]
[WhiteElo "1453"]
[BlackElo "1527"]
[PlyCount "161"]
[EventDate "2015.08.30"]
[EventType "team-tourn"]
[EventRounds "9"]
[EventCountry "GER"]
[SourceTitle "EXT 2022"]
[Source "ChessBase"]
[SourceDate "2021.10.06"]
[SourceVersion "1"]
[SourceVersionDate "2021.10.06"]
[SourceQuality "1"]
[WhiteTeam "Boenen SV II"]
[BlackTeam "Kamen SV IV"]
[WhiteTeamCountry "GER"]
[BlackTeamCountry "GER"]

1. e4 c5 2. Nc3 e6 3. f4 Nc6 4. Nf3 Nge7 5. Bb5 a6 6. Bxc6 Nxc6 7. a4 Be7 8. 0-0 0-0 9. Kh1 d5 10. d3 d4 11. Ne2 Qc7 12. c3 dxc3 13. bxc3 b6 14. Qc2 Bb7 15. Be3 Kh8 16. Bf2 Bd6 17. Bg3 f6 18. Nd2 e5 19. Nc4 Rad8 20. Rab1 b5 21. Ne3 exf4 22. Bxf4 Bxf4 23. Nxf4 Qd7 24. Ned5 Na7 25. Qe2 Bxd5 26. Nxd5 c4 27. dxc4 bxc4 28. Rb4 Nc8 29. Rxc4 Nd6 30. Rd4 Qc6 31. Qf3 Nc8 32. h3 Nb6 33. Nxb6 Qxb6 34. Qd3 Qa5 35. Rd1 Rc8 36. Rc4 Rxc4 37. Qxc4 h6 38. Rd5 Qb6 39. Qd4 Qb1+ 40. Kh2 Qb8+ 41. e5 Re8 42. Qb4 Qxb4 43. cxb4 fxe5 44. b5 axb5 45. axb5 e4 46. Kg1 Kh7 47. h4 Kg6 48. Kf2 Kf6 49. h5 Ke6 50. Rc5 Rb8 51. Ke3 Kd6 52. Rf5 Ke6 53. Kxe4 Kd6 54. Rd5+ Kc7 55. Kf5 Rb6 56. Rc5+ Kb7 57. g4 Rf6+ 58. Ke5 Rb6 59. Kf4 Kb8 60. Rf5 g6 61. hxg6 Rxg6 62. Rc5 Kb7 63. Rc6 Rg5 64. Rxh6 Rxb5 65. Rf6 Kc7 66. Rf5 Rb4+ 67. Kg5 Kd6 68. Rf4 Rb5+ 69. Kf6 Kd7 70. g5 Ke8 71. Kg6 Rb7 72. Kh6 Rb1 73. Rf6 Rh1+ 74. Kg7 Ke7 75. g6 Rh2 76. Rf7+ Ke8 77. Kg8 Rh3 78. Rh7 Rg3 79. g7 Rg5 80. Kh8 Kf7 81. g8Q+ 1-0